Získavanie cudzích zdrojov z medzinárodných finančných trhov (štruktúra a oceňovanie)

Gespeichert in:
Bibliographische Detailangaben
1. Verfasser: Polednáková, Anna, 1957-
Format: Buchkapitel
Sprache:Englisch
Tags: Tag hinzufügen
Keine Tags, Fügen Sie das erste Tag hinzu!

MARC

LEADER 00000naa$a2200000$$$4500
001 0093388
005 20240502083236.5
041 0 |a eng 
044 |a CZ 
245 1 0 |a Získavanie cudzích zdrojov z medzinárodných finančných trhov (štruktúra a oceňovanie)  |c Anna Polednáková 
100 1 |a Polednáková, Anna, 1957-